书目信息 |
| 题名: |
好学好记日语词汇
|
|
| 作者: | 崔崟 , 杨柏宏 编著 | |
| 分册: | ||
| 出版信息: | 北京 外文出版社 2008.01 |
|
| 页数: | 264页 | |
| 开本: | 21cm | |
| 丛书名: | 日语高效学习全攻略 | |
| 单 册: | ||
| 中图分类: | H363.1 | |
| 科图分类: | ||
| 主题词: | 日语--ri yu--词汇 | |
| 电子资源: | ||
| ISBN: | 978-7-119-05323-3 | |
| 000 | 00919nam 2200265 450 | |
| 001 | 012008452111 | |
| 005 | 20080901193521.89 | |
| 010 | @a978-7-119-05323-3@dCNY20.00 | |
| 100 | @a20080901d2008 em y0chiy0120 ea | |
| 101 | 0 | @achi@ajpn |
| 102 | @aCN@b110000 | |
| 105 | @ay z 000yy | |
| 106 | @ar | |
| 200 | 1 | @a好学好记日语词汇@Ahao xue hao ji ri yu ci hui@f崔崟, 杨柏宏编著@Fcui yin,yang bai hong bian zhu |
| 210 | @a北京@c外文出版社@d2008.01 | |
| 215 | @a264页@d21cm | |
| 225 | 2 | @a日语高效学习全攻略@Ari yu gao xiao xue xi quan gong lue |
| 330 | @a本书把词汇分为基础用语;场景用语;专业用语三大类,每一类中又细分为若干小类别。本书收录了日语基础词汇近3000个。 | |
| 410 | 0 | @12001 @a日语高效学习全攻略 |
| 606 | 0 | @a日语@Ari yu@x词汇 |
| 690 | @aH363.1@v4 | |
| 701 | 0 | @a崔崟@Acui yin@4编著 |
| 701 | 0 | @a杨柏宏@Ayang bai hong@4编著 |
| 801 | 0 | @aCN@bQSSK@c20080901 |
| 905 | @b734282-84@dH363.1@eC980@f3 | |
| 好学好记日语词汇/崔崟, 杨柏宏编著.-北京:外文出版社,2008.01 |
| 264页;21cm.-(日语高效学习全攻略) |
| ISBN 978-7-119-05323-3:CNY20.00 |
| 本书把词汇分为基础用语;场景用语;专业用语三大类,每一类中又细分为若干小类别。本书收录了日语基础词汇近3000个。 |
| ● |
| 相关链接 |
|
|
|
正题名:好学好记日语词汇
索取号:H363.1/C980
 
预约/预借
| 序号 | 登录号 | 条形码 | 馆藏地/架位号 | 状态 | 备注 |
| 1 | 734282 | 207342829 | 语言库209/209语言库 127排2列4层/ [索取号:H363.1/C980] | 在馆 | |
| 2 | 734283 | 207342838 | 语言库209/209语言库 127排2列4层/ [索取号:H363.1/C980] | 在馆 | |
| 3 | 734284 | 207342847 | 语言库209/209语言库 127排2列4层/ [索取号:H363.1/C980] | 在馆 |